| 000 | 00749nim a2200253 i 4500 | ||
|---|---|---|---|
| 001 | bgj | ||
| 100 | 1 | _aRIXON, Shelagh | |
| 245 | 1 | 0 |
_aListening : _bupper-intermediate / _cShelagh Rixon. |
| 250 | _a[3rd impr.]. | ||
| 260 |
_aOxford : _bOxford University Press, _c1991. |
||
| 300 | _a1 audio cassette. | ||
| 490 | 1 | _aOxford Supplementary Skills / Alan Maley, editor | |
| 500 | _a1st published in 1987. | ||
| 650 | 9 |
_aEnglish language _xListening |
|
| 655 | _aTextbooks for foreigners | ||
| 700 | 1 |
_aMALEY, Alan. _eeditor |
|
| 830 | 0 | _aOxford Supplementary Skills (Alan Maley, editor) | |
| 020 | _a0194534219 | ||
| 040 | _cBPK | ||
| 041 | 0 | _aeng | |
| 920 | _a0-19-453421-9 | ||
| 942 | _cTM | ||
| 008 | s uk f |000 0 eng | ||
| 999 |
_c50077 _d50077 |
||
| 856 |
_uhttp://koha.tu.koszalin.pl/cgi-bin/koha/opac-detail.pl?biblionumber=50077 _yKatalog online BPK |
||